Метафизика денег. Три действия с прологом и эпилогом
| Glavni avtor: | |
|---|---|
| Izvleček: | «Эта книга о деньгах — единственная в своем роде, — пишет Т. Ю. Бородай. — Глубокое исследование сущности денег и одновременно проникновенная поэма: деньги как судьба, как психический феномен, как личное переживание лирических героев. Эффект оригинальности достигается очень естественно: автор пытается разглядеть «слепое пятно» нашей культуры — деньги — как бы со стороны, не встраиваясь в какой-либо устойчивый дискурс (научный, постмодернистский, культурологический etc.) и тем самым изобретает свой особый жанр. Он неподвластен стереотипам, и обыденные оппозиции последовательно разрушаются в книге: деньги и «высокое искусство», мамона и Бог, коммерция и истина, бизнес и философия, миф и наука, небытие и бытие, — отношения между ними оказываются совсем не такими, как мы привыкли их видеть. От этой книги мыслящий читатель может получить удовольствие ментальное, а чувствительный — эстетическое, ибо она замечательно написана. Никто не получит от нее руководство к действию (как делать деньги, например, или как спасать культуру от кризиса), но, может быть, это и к лучшему». |
| Jezik: | ruščina |
| Izdano: |
Москва, Эксмо, 2006
|
| Teme: | |
| Format: | MixedMaterials Knjiga |
| KOHA link: | https://koha.lib.tpu.ru/cgi-bin/koha/opac-detail.pl?biblionumber=110155 |
MARC
| LEADER | 00000nam0a2200000 4500 | ||
|---|---|---|---|
| 001 | 110155 | ||
| 005 | 20231031120333.0 | ||
| 010 | |a 5699167560 | ||
| 035 | |a (RuTPU)RU\TPU\book\118961 | ||
| 090 | |a 110155 | ||
| 100 | |a 20070219d2006 km y0rusy50 ca | ||
| 101 | 0 | |a rus | |
| 102 | |a RU | ||
| 105 | |a y z 000zy | ||
| 200 | 1 | |a Метафизика денег. Три действия с прологом и эпилогом |f И. В. Ескевич | |
| 210 | |a Москва |c Эксмо |d 2006 | ||
| 215 | |a 272 с. | ||
| 330 | |a «Эта книга о деньгах — единственная в своем роде, — пишет Т. Ю. Бородай. — Глубокое исследование сущности денег и одновременно проникновенная поэма: деньги как судьба, как психический феномен, как личное переживание лирических героев. Эффект оригинальности достигается очень естественно: автор пытается разглядеть «слепое пятно» нашей культуры — деньги — как бы со стороны, не встраиваясь в какой-либо устойчивый дискурс (научный, постмодернистский, культурологический etc.) и тем самым изобретает свой особый жанр. Он неподвластен стереотипам, и обыденные оппозиции последовательно разрушаются в книге: деньги и «высокое искусство», мамона и Бог, коммерция и истина, бизнес и философия, миф и наука, небытие и бытие, — отношения между ними оказываются совсем не такими, как мы привыкли их видеть. От этой книги мыслящий читатель может получить удовольствие ментальное, а чувствительный — эстетическое, ибо она замечательно написана. Никто не получит от нее руководство к действию (как делать деньги, например, или как спасать культуру от кризиса), но, может быть, это и к лучшему». | ||
| 610 | 1 | |a экономика | |
| 610 | 1 | |a финансы | |
| 610 | 1 | |a деньги | |
| 610 | 1 | |a философия | |
| 610 | 1 | |a метафизика | |
| 610 | 1 | |a теория | |
| 610 | 1 | |a методология | |
| 610 | 1 | |a богатство | |
| 686 | |a У9(2)262.6 |v LBC/SL-A |2 rubbk | ||
| 700 | 1 | |a Ескевич |b И. В. |g Ирина Васильевна | |
| 801 | 1 | |a RU |b 63413507 |c 20070219 |g PSBO | |
| 801 | 2 | |a RU |b 63413507 |c 20210525 |g PSBO | |
| 942 | |c BK | ||
| 959 | |a 20/20070219 |d 2 |e 184,62 |f АНЛ:1 |f ЧЗГЛ:1 | ||